00794nam a2200241 i 4500001000300000100003000003245009900033260003600132300004100168504002200209650002000231655003000251020001500281040000800296041000700304080001100311920001800322942000700340008004100347999001700388856009800405952004900503bg1 aCZOŁCZYŃSKI, Krzysztof10aWykłady z teorii mechanizmów i maszyn /cKrzysztof Czołczyński ; Politechnika Łódzka. aŁódź :bWydaw. PŁ,c1996. a[2], 135 s. :brys., wykr. ;c24 cm. aBibliogr. s. 135. 9aMaszynyxteoria aPodręczniki akademickie a838645394X cBPK0 apl a621.01 a83-86453-94-X cKS s pl f |000 0 pol  c31603d31603 uhttp://koha.tu.koszalin.pl/cgi-bin/koha/opac-detail.pl?biblionumber=31603yKatalog online BPK 00104070aBPKbBPKcwo38983p01268980yKS